| 000 | 00455nam a2200157 i 4500 | ||
|---|---|---|---|
| 001 | 69434 | ||
| 003 | ES-MaACL | ||
| 005 | 20230906170522.0 | ||
| 007 | t| | ||
| 008 | 040706s1970 sp ||||1| spa d | ||
| 100 | 1 |
_aGarcía Campos, María Isabel. _954325 |
|
| 245 | 1 | 0 |
_aGeografía turística de España / _cMaría Isabel García Campos. |
| 260 |
_aMadrid : _bEd. Nacional, _c1970. |
||
| 300 |
_a541 p. ; _c24 cm. |
||
| 852 |
_aES-MaACL _jC-56465 _bR.89272 |
||
| 999 |
_c69434 _d69434 |
||